Mensaje que el doctor V. Márquez Bustillos, presidente de los Estados Unidos de Venezuela, presenta al Congreso Nacional en sus sesiones ordinarias de 1920. (Record no. 184906)

MARC details
000 -LEADER
campo de control de longitud fija 00558nam a2200157 i 4500
001 - NÚMERO DE CONTROL
campo de control 184906
003 - IDENTIFICADOR DE NÚMERO DE CONTROL
campo de control ES-MaACL
005 - FECHA Y HORA DE LA ÚLTIMA TRANSACCIÓN
campo de control 20230906222314.0
008 - DATOS DE LONGITUD FIJA--INFORMACIÓN GENERAL
campo de control de longitud fija 160218s1920 ve |||| | spa d
100 1# - ENTRADA PRINCIPAL--NOMBRE DE PERSONA
Nombre de persona Márquez Bustillos, V.
9 (RLIN) 158797
245 10 - MENCIÓN DEL TÍTULO
Título Mensaje que el doctor V. Márquez Bustillos, presidente de los Estados Unidos de Venezuela, presenta al Congreso Nacional en sus sesiones ordinarias de 1920.
260 ## - PUBLICACIÓN, DISTRIBUCIÓN, ETC.
Lugar de publicación, distribución, etc. Caracas :
Nombre del editor, distribuidor, etc. [s.n.],
Fecha de publicación, distribución, etc. 1920.
300 ## - DESCRIPCIÓN FÍSICA
Extensión 36 p. ;
Dimensiones 31 cm.
651 #4 - PUNTO DE ACCESO ADICIONAL DE MATERIA--NOMBRE GEOGRÁFICO
Nombre geográfico Venezuela-
Subdivisión general Historia.
9 (RLIN) 140958
852 ## - LOCALIZACIÓN
Ubicación ES-MaACL
Número de control de estantería 1612-F-4
Holdings
Estatus retirado Estado de pérdida Estado de daño No para préstamo Colección Biblioteca de origen Biblioteca actual Ubicación en estantería Fecha de adquisición Fuente de adquisición Total de préstamos Signatura topográfica completa Código de barras Visto por última vez Precio de reemplazo Tipo de ítem Koha
        Colección de folletos Biblioteca del Ateneo de Madrid Biblioteca del Ateneo de Madrid Depósito folletos 18/02/2016     1612-F-4 1194751 23/02/2023 23/02/2023 Folleto